01206cam a2200337 4500001001400000005001700014008004100031020003100072040002300103041001300126044001100139072004800150080002500198080002300223100003200246240003600278245012900314250001500443264002900458300002300487336002600510337002900536338002900565490006100594655003100655655003700686655003000723655003100753700005200784700003200836vtls01207801920251118095846.0211119s2021 xo g n 010 f slo  a9788022212199q(viazané) aSNKbslocSNKerda1 asloheng axocSK 7a821.111(73)-3xAmerická próza2konspekt a821.111(73)-3122011 a(0:82-312.2)220111 aKidd, Sue Monk,d1948-4aut14aThe Book of LongingslSlovensky10aKniha túžobcSue Monk Kiddová ; z anglického originálu The Book of Longings ... preložila Katarína Ostricová aVydanie 1. 1aBratislavabTatranc2021 a362 stránc24 cm atextbtxt2rdacontent abez médiabn2rdamedia azväzokbnc2rdacarrier1 aLUK - Knižnica svetových bestsellerovv180. zväzok 7aamerické romány2SNKPH 7anáboženské romány2SNKPH 7aAmerican novels2SNKPHeng 7aReligious novels2SNKPHeng1 aOstricová, Katarínac(prekladateľka)4trl1 aRichter, Milan,d1948-4trl